Tin học 12

Tin học lớp 12 đựơc trình theo hệ thống là sau mỗi chương đều có bài tập, thực hành và bài đọc thêm nhằm tăng sự hiểu biết cho học sinh yêu thích tin học.

Enregistré dans:
Détails bibliographiques
Auteur principal: Hồ, Sĩ Đàm
Format: Livre
Langue:Undetermined
Publié: Hà Nội Giáo dục Việt Nam 2010
Sujets:
Tags: Ajouter un tag
Pas de tags, Soyez le premier à ajouter un tag!
Thư viện lưu trữ: Trung tâm Học liệu Trường Đại học Cần Thơ
LEADER 00834nam a2200217Ia 4500
001 CTU_157788
008 210402s9999 xx 000 0 und d
020 |c 5700 
082 |a 005.0712 
082 |b Đ104/L.12 
100 |a Hồ, Sĩ Đàm 
245 0 |a Tin học 12 
245 0 |c Hồ Sĩ Đàm (Chủ biên) 
260 |a Hà Nội 
260 |b Giáo dục Việt Nam 
260 |c 2010 
520 |a Tin học lớp 12 đựơc trình theo hệ thống là sau mỗi chương đều có bài tập, thực hành và bài đọc thêm nhằm tăng sự hiểu biết cho học sinh yêu thích tin học. 
650 |a Computers 
650 |x Study and teaching (Secondary) 
904 |i Mỹ Lệ (Bé Ba) 
980 |a Trung tâm Học liệu Trường Đại học Cần Thơ